1001 1188 1129 1555 1024 1456 1124 1036 1616 1898 1637 1758 1376 1587 1273 1838 1614 1578 1910 1475 1354 1271 1037 1442 1174 1604 1704 1794 1157 1006 1211 1705 1870 1568 1417 1714 1975 1250 1292 1666 1031 1277 1631 1815 1452 1218 1666 1489 1207 1315 1100 1395 1012 1087 1337 1772 1022 1103 1119 1442 1740 1235 1584 1942 1781 1415 1284 1956 1456 1603 1796 1162 1423 1472 1184 1114 1574 1329 1073 1949 1527 1735 1174 1108 1733 1423 1085 1347 1852 1051 1733 1960 1516 1464 1560 1444 1776 1898 1870 BCNSPRNW ULIB Ver.6.0+V

เปลี่ยนเป็นภาษาไทย

Change to English
 แสดงรายละเอียดบรรณานุกรม
  กลับหน้าหลัก

Brief Record : Get Marc (ISO 2709) : E-mail record : QR code < ปิดหน้าต่าง
LEADER : 00000nam 2200000uu 4500
001    13399124707
003     ULIB
008    160119s2538||||th 000 0 tha d
050  4 ^aBF575.S75^bส731ค
100 0  ^aสิริพร พันธ์รัตน์
245 10 ^aความเครียดของนักเรียนในโครงการส่งเสริมและพัฒนานักเรียนที่มีความสามารถพิเศษในการเรียนชั้นมัธยมศึกษาตอนปลาย [สพพ.] ปีการศึกษา 2537 เขตการศึกษา 7 /^cสิริพร พันธ์รัตน์
260    ^a^c2538
500    ^aฉบับพิมพ์ดีด [ฉบับถ่ายสำเนา]
502    ^aวิทยานิพนธ์ (กศ.ม. (จิตวิทยาการแนะแนว))--มหาวิทยาลัยนเรศวร, 2538
650  4 ^aนักเรียนมัธยมศึกษา
650  4 ^aความเครียด
650  4 ^aเด็กปัญหาเลิศ
650  4 ^aการศึกษาพิเศษ
945    ^p0^l0^i000257
999    ^aเกษร โพธิ์สุวรรณ
รายการนี้ยังไม่มีแท็ก
คุณยังไม่ได้ล็อกอิน คุณสามารถมีกิจกรรมร่วมกับเว็บไซต์ได้ แต่ต้องล็อกอินก่อน ::
  ล็อกอิน

รายการสื่อสารสนเทศ

ลำดับที่ ประเภท เลขเรียก/บาร์โค้ด สถานที่ สถานะ
1. วิทยานิพนธ์
วิทยานิพนธ์
BF575.S75 ส731ค ฉ.1 
  Barcode: 000257
ห้องสมุดวิทยาเขตสวรรค์ประชารักษ์
► วิทยานิพนธ์
บนชั้น

รายการใกล้เคียง
    หัวเรื่อง [ความเครียด]
    หัวเรื่อง [การศึกษาพิเศษ]

BibComment


ยังไม่เคยถูกคอมเมนท์

คอมเมนท์ทรัพยากรรายการนี้
  คอมเมนท์: ความเครียดของนัก..


 Copyright 2026. Bcnsprnw @Library